000 01381pam a2200337 a 4500
001 14060739
003 CD
005 20250724150339.0
008 050802s2005 iluab f 001 0 eng
010 _a 2005280603
020 _a0802490565
040 _aDLC
_cDLC
_dDLC
050 0 0 _aBS417
_b.U5 2005
082 0 0 _a220.7
_222
100 1 _aUnger, Merrill Frederick,
_d1909-
245 1 4 _aThe new Unger's Bible handbook /
_c[Merrill F. Unger].
250 _aRev. and updated ed. /
_b[by Gary N. Larson].
260 _aChicago :
_bMoody Publishers,
_cc2005.
300 _a751 p. :
_bcol. ill., col. maps ;
_c26 cm.
500 _aRev. ed. of: Unger's Bible handbook. [1st ed.]. 1966.
500 _aIncludes index.
630 0 0 _aBible
_vHandbooks, manuals, etc.
700 1 _aLarson, Gary N.,
_d1954-
700 1 _aUnger, Merrill Frederick,
_d1909-
_tBible handbook.
856 4 2 _3Publisher description
_uhttp://www.loc.gov/catdir/enhancements/fy0626/2005280603-d.html
856 4 2 _3Contributor biographical information
_uhttp://www.loc.gov/catdir/enhancements/fy1113/2005280603-b.html
856 4 1 _3Table of contents only
_uhttp://www.loc.gov/catdir/enhancements/fy1209/2005280603-t.html
906 _a7
_bcbc
_corigcop
_d2
_encip
_f20
_gy-gencatlg
942 _2lcc
_cREF
_n0
999 _c7146
_d7146